000 00933nam a2200229 a 4500
001 000030714
005 20250430073846.0
008 110526s2010 dr a 001 0dspa d
040 _aDO-SdBNP
_bspa
_cBNPHU
082 _a248.4
_bG527v
100 1 _aGirón, Judith,
_d1975-
_957299
245 1 0 _aVestida de fuerza y honor /
_cJudith Girón.
260 _aSanto Domingo :
_b[s.n.],
_c2010.
300 _a170 p. :
_bil. ;
_c21 cm.
504 _aBibliografía : p. 170.
505 0 _gIntroducción --
_t!No entiendo¡ --
_t¿Por qué a mí? --
_t!Corre¡ --
_tEl amor es sufrido --
_tLa habilidad de soñar y la capacidad de esperar --
_tLo que tanto esperamos --
_tEpílogo: Vestida de fuerza y honor --
_gBibliografía.
590 _aInventariado, 2018/BT
650 0 _aVida cristiana
_9668
650 4 _aVida espiritual
_xCristianismo
_9899
650 0 _aAutorrealización (Psicología)
_9211
910 _aValidado. Control de calidad. EMS
999 _c30206
_d30206